| 000 | 00583nam a2200193Ia 4500 | ||
|---|---|---|---|
| 003 | IN-BaIIA | ||
| 008 | 211028s9999 xx 000 0 eng d | ||
| 020 | _a0-412-27470-1 | ||
| 040 | _cIIA Library | ||
| 080 |
_a535.33 _bTHO |
||
| 100 |
_aThorne, Anne P. _915737 |
||
| 245 | 0 |
_aSpectrophysics _c Anne P. Thorne, C. C. Davis and M. A. Coplan |
|
| 250 | _a2nd ed. | ||
| 260 |
_aLondon _bEducational Supplies _c1988 |
||
| 300 | _axi, 390p. | ||
| 650 | _aAstronomy and Astrophysics Thesaurus | ||
| 650 |
_aSpectrophysics _915738 |
||
| 942 | _cBK | ||
| 999 |
_c9341 _d9341 |
||